Quizzes
Events
Quiz Creation
Community
Videos
Private Events
Remove Ads
Sign In
Join for FREE
Feedback
Dark Mode
Quiz Categories
Sports
Geography
Music
Movies
Television
Just For Fun
Miscellaneous
History
Literature
Language
Science
Gaming
Entertainment
Religion
Holiday
For Kids
Quiz Lab
Recent
Popular Today
Quiz Kudos Today
Editor Picks
Curator Picks
Quizzes by...
Day
Popularity
Type
Ratings
Length
Year
Community
Subscriptions
Recent Discussions
Orange Saloon
Badges
Playlists
Quests
Create
Leaderboards
Showdown
Live 5
Trivia Bingo
Activity
Puzzle Library
Sporcle Events
Private Events
Virtual Trivia
Globe League
Become a Host
Pub Owners
SporcleCon
Opinionation
Our Games
Videos
Blog
Mobile Apps
Partnerships
Remove Ads and Go Orange
Feedback
Sports
Athletes
MLB
NBA
NHL
NFL
Soccer
Sports Teams
WWE
NCAA
Football
Premier League
Basketball
Baseball
Hockey
Golf
Tennis
Cricket
Rugby
Auto Racing
Olympics
World Cup
Sports
Athletes
MLB
NBA
NHL
NFL
Soccer
Sports Teams
WWE
NCAA
Football
Premier League
Basketball
Baseball
Hockey
Golf
Tennis
Cricket
Rugby
Auto Racing
Olympics
World Cup
Random Quiz
Search Sporcle
×
Quiz Lab
Quiz Lab
Sports
Baseball
Type in answers that appear in a list
Type in answers that appear in a list
Classic
Best Score? Go Orange.
Cleveland Indians Lineups 1988-2009 Stats
Can you name the starters at every position for the Cleveland Indians from 1980-2009?
By
thejamootz
10m
198 Questions
768 Plays
768 Plays
768 Plays
Comments
Comments
Give Quiz Kudos
Give Quiz Kudos
-
- Ratings
hide this ad
Replay
Link that replays current quiz
Next Quiz
Link to next quiz in quiz playlist
You Got
0%
They Got
Avg Score
63%
Avg Friend Score
Upgrade to see
Score Distribution
Jump to the score distribution portion of the page
Score
0/198
Timer
10:00
0
Plays Today
Year
Name
% Correct
1994
Jim Thome
97.7%
1995
Jim Thome
97.7%
1996
Jim Thome
97.7%
1997
Jim Thome
97.7%
1998
Jim Thome
97.7%
1999
Jim Thome
97.7%
2000
Jim Thome
97.7%
2001
Jim Thome
97.7%
2002
Jim Thome
97.7%
1990
Sandy Alomar
96.6%
1992
Sandy Alomar
96.6%
1994
Sandy Alomar
96.6%
1996
Sandy Alomar
96.6%
1997
Sandy Alomar
96.6%
1998
Sandy Alomar
96.6%
2000
Sandy Alomar
96.6%
1999
Roberto Alomar
96.3%
2000
Roberto Alomar
96.3%
2001
Roberto Alomar
96.3%
1994
Omar Vizquel
93.6%
1995
Omar Vizquel
93.6%
1996
Omar Vizquel
93.6%
1997
Omar Vizquel
93.6%
1998
Omar Vizquel
93.6%
1999
Omar Vizquel
93.6%
2000
Omar Vizquel
93.6%
2001
Omar Vizquel
93.6%
2002
Omar Vizquel
93.6%
2004
Omar Vizquel
93.6%
2004
Victor Martinez
93.2%
2005
Victor Martinez
93.2%
2006
Victor Martinez
93.2%
2007
Victor Martinez
93.2%
1992
Kenny Lofton
92.8%
1993
Kenny Lofton
92.8%
1994
Kenny Lofton
92.8%
1995
Kenny Lofton
92.8%
1996
Kenny Lofton
92.8%
1998
Kenny Lofton
92.8%
1999
Kenny Lofton
92.8%
2000
Kenny Lofton
92.8%
2001
Kenny Lofton
92.8%
1994
Manny Ramirez
92.3%
1995
Manny Ramirez
92.3%
1996
Manny Ramirez
92.3%
1997
Manny Ramirez
92.3%
1998
Manny Ramirez
92.3%
1999
Manny Ramirez
92.3%
2000
Manny Ramirez
92.3%
2005
Grady Sizemore
91.7%
2006
Grady Sizemore
91.7%
2007
Grady Sizemore
91.7%
2008
Grady Sizemore
91.7%
2009
Grady Sizemore
91.7%
2004
Travis Hafner
90.5%
2005
Travis Hafner
90.5%
2006
Travis Hafner
90.5%
2007
Travis Hafner
90.5%
2008
Travis Hafner
90.5%
2009
Travis Hafner
90.5%
1991
Albert Belle
90.2%
1992
Albert Belle
90.2%
1993
Albert Belle
90.2%
1994
Albert Belle
90.2%
1995
Albert Belle
90.2%
1996
Albert Belle
90.2%
Year
Name
% Correct
1988
Jay Bell
85.3%
1998
David Bell
85.1%
1991
Carlos Baerga
79.8%
1992
Carlos Baerga
79.8%
1993
Carlos Baerga
79.8%
1994
Carlos Baerga
79.8%
1995
Carlos Baerga
79.8%
1996
Carlos Baerga
79.8%
1997
Matt Williams
75.4%
1998
Travis Fryman
74.2%
1999
Travis Fryman
74.2%
2000
Travis Fryman
74.2%
2001
Travis Fryman
74.2%
2002
Travis Fryman
74.2%
2008
Asdrubal Cabrera
73.8%
2009
Asdrubal Cabrera
73.8%
2003
Jhonny Peralta
71.8%
2005
Jhonny Peralta
71.8%
2006
Jhonny Peralta
71.8%
2007
Jhonny Peralta
71.8%
2008
Jhonny Peralta
71.8%
2009
Jhonny Peralta
71.8%
1997
David Justice
68.3%
1998
David Justice
68.3%
1999
David Justice
68.3%
1994
Eddie Murray
67.4%
1995
Eddie Murray
67.4%
1996
Eddie Murray
67.4%
1992
Paul Sorrento
64.9%
1993
Paul Sorrento
64.9%
1994
Paul Sorrento
64.9%
1995
Paul Sorrento
64.9%
1988
Joe Carter
62.8%
1989
Joe Carter
62.8%
2003
Casey Blake
61.9%
2004
Casey Blake
61.9%
2005
Casey Blake
61.9%
2006
Casey Blake
61.9%
2007
Casey Blake
61.9%
2008
Casey Blake
61.9%
2001
Juan Gonzalez
61.3%
2009
Shin-Soo Choo
59.3%
1997
Marquis Grissom
57.4%
2008
Kelly Shoppach
56.7%
2009
Kelly Shoppach
56.7%
1997
Tony Fernandez
52.7%
1995
Tony Pena
52.4%
1999
Einar Diaz
52.2%
2000
Richie Sexson
52.2%
2001
Einar Diaz
52.2%
2002
Einar Diaz
52.2%
2007
Ryan Garko
51.8%
2008
Ryan Garko
51.8%
2009
Ryan Garko
51.8%
1997
Brian Giles
50.1%
1998
Brian Giles
50.1%
1988
Brook Jacoby
49.9%
1989
Brook Jacoby
49.9%
1990
Brook Jacoby
49.9%
1991
Brook Jacoby
49.9%
1992
Brook Jacoby
49.9%
1988
Julio Franco
49.7%
1996
Julio Franco
49.7%
1988
Cory Snyder
49.4%
1989
Cory Snyder
49.4%
1990
Cory Snyder
49.4%
Year
Name
% Correct
2004
Ronnie Belliard
46.5%
2005
Ronnie Belliard
46.5%
2006
Ronnie Belliard
46.5%
1989
Felix Fermin
46.4%
1990
Felix Fermin
46.4%
1991
Felix Fermin
46.4%
1993
Felix Fermin
46.4%
1990
Keith Hernandez
42.6%
2005
Aaron Boone
42.5%
2006
Aaron Boone
42.5%
2003
Ben Broussard
41.9%
2004
Ben Broussard
41.9%
2005
Ben Broussard
41.9%
2006
Ben Broussard
41.9%
2007
Franklin Gutierrez
41.5%
2008
Franklin Gutierrez
41.5%
2002
Ricky Gutierrez
41.2%
2003
Brandon Phillips
40.7%
2004
Coco Crisp
39.4%
2005
Coco Crisp
39.4%
2001
Ellis Burks
39.1%
2002
Ellis Burks
39.1%
2003
Ellis Burks
39.1%
2002
Milton Bradley
37.9%
2003
Milton Bradley
37.9%
2008
Ben Francisco
37.7%
2009
Ben Francisco
37.7%
2002
Matt Lawton
36.2%
2003
Matt Lawton
36.2%
2004
Matt Lawton
36.2%
2000
Russell Branyan
35.6%
1988
Mel Hall
34.8%
2007
Josh Barfield
33.9%
1991
Mark Lewis
33.5%
1992
Mark Lewis
33.5%
1991
Alex Cole
32.7%
2006
Jason Michaels
31.8%
2007
Jason Michaels
31.8%
1990
Chris James
31%
1991
Chris James
31%
1989
Jerry Browne
30.6%
1990
Jerry Browne
30.6%
1988
Andy Allanson
30.4%
1989
Andy Allanson
30.4%
1990
Candy Maldonado
29.1%
1991
Mark Whiten
28.6%
1992
Mark Whiten
28.6%
2003
Josh Bard
27.6%
1991
Joel Skinner
27.2%
2003
Jody Gerut
27.2%
2004
Jody Gerut
27.2%
1993
Reggie Jefferson
25.6%
2009
Luis Valbuena
25.4%
1993
Wayne Kirby
24.4%
1989
Pete O'Brien
24.3%
1993
Alvaro Espinoza
24.3%
1993
Junior Ortiz
24.1%
1989
Dave Clark
22.6%
2001
Marty Cordova
20.7%
1999
Wil Cordero
20.1%
1990
Mitch Webster
18.4%
1988
Willie Upshaw
18%
1989
Oddibe McDowell
16.7%
1988
Ron Kittle
11.6%
1992
Thomas Howard
11%
2002
Chris Magruder
7.4%
Quiz Playlist
Details
Report
Send in Message
Add To Playlist
Classic:
Type in answers that appear in a list
Quiz Source
Last Updated: Feb 16, 2017
Quiz Scoreboard
CHALLENGE
Sign Up to Join the Scoreboard
Show All
Scores
Hide
Comments
May contain spoilers
Recently Published
Pick 6: Fruits
by JohnFran
Miscellaneous
15s
Click the 1999 NBA Draft
by nibperrychub
Sports
2m
Alphabetical 'K' Countries by Flag Minefield
by ylime102
Geography
3m
More to Explore
Quiz From the Vault
Featured Blog Post
15 Basketball Trivia Facts You Can Be March Mad About
hide this ad
You Might Also Like...
Tags
Baseball Quiz
MLB Quiz
1980s
Cleveland
Cleveland Guardians
pos
Starter
Today's Top Quizzes in Sports
Browse Sports
hide this ad
Today's Top Quizzes in Baseball
Browse Baseball
Top Contributed Quizzes in Sports
1
Les joueurs à 100 buts en Ligue 1 Uber Eats
2
Pick 6: NFL Teams
3
MLB 2 truths and a lie: Hall of Fame pitchers
4
2022 World Cup Stars
5
Criteria MLB: Left Handed Sluggers
6
Millionaire: NBA Finals Edition
7
Pick 6: Minor League Baseball
8
Click the 1998 NBA Draft
9
Don't Strike Out: 3000 Strikeouts
10
Pick 6: Olympics
Explore More
Trending Topics
Marvel
Anime
Harry Potter
Crossword
Kpop
NBA
Disney
Country
Soccer
NFL
Pokémon
The Office
Puzzle
Song
WWE
hide this ad
More By:
thejamootz
Quiz
Plays
Rating
Category
Featured
Created
Cleveland Indians Lineups 1988-2009
768
3.25
Sports
Oct 31, 2009
Final Team Played For By Football HOFers
196
Sports
Dec 24, 2009
Go to Creator's Profile
Score Distribution
Quiz Creator Spotlight
thejamootz
Follow
Send a Message
Quizzes Created
-
Created Quiz Play Count
-
More By This Creator
Popular Quizzes Today
1
Countries of Asia Without Outlines Minefield
2
Find the US States - No Outlines Minefield
3
Pick 6: Fruits
4
Alphabetical 'K' Countries by Flag Minefield
5
The Countries of the World
6
Find the US States
7
US States
8
Find the Countries of Europe - No Outlines Minefield
More Sports Quizzes
1,000 Rebound NBA Seasons
Published
Trending Quizzes
Pick 6: Mountains
Pick 6: Harry Potter
Pick 6: Flags
Pick 6: NFL Teams
Pick 6: Movie Franchises
Recently Updated
NWSL Teams
pecheneg
Women's Final Four Teams by Year
bhenderson79
Presidents Quartet II
eogle
Anything But Clue(do)
eogle
Anything But Oceanian Capitals
eogle
Anything But 7
eogle
Anything But Thing
eogle
Word Ladder: February 29
pecheneg
Song Title Questions
pecheneg
Women's NCAA Tournament #1 Seeds
pecheneg
Trending Topics
Anime
NBA
Harry Potter
Disney
Kpop
Marvel
Crossword
Song
Country
Soccer
Puzzle
NFL
WWE
The Office
Pokémon
Your Account Isn't Verified!
In order to create a playlist on Sporcle, you need to verify the email address you used during registration. Go to your
Sporcle Settings
to finish the process.
Report this User
Report this user for behavior that violates our
Community Guidelines
.
Details:
Send Report
Go to the Sporcle.com Mobile Site →
Comments